[Event "Sachsen-ch U08"]
[Site "Sebnitz"]
[Date "2011.04.27"]
[Round "3"]
[White "Ambach Salazar, Leonhard"]
[Black "Hummel, Jesaja"]
[Result "0-1"]
[WhiteElo "798"]
[BlackElo "731"]
[PlyCount "40"]
[EventDate "2011.04.26"]
[EventType "swiss"]
[EventRounds "7"]
[EventCountry "GER"]
[SourceTitle "EXT 2012"]
[Source "ChessBase"]
[SourceDate "2011.11.24"]
[SourceVersion "1"]
[SourceVersionDate "2011.11.24"]
[SourceQuality "1"]

1. e4 d5 2. exd5 Nf6 3. c4 e6 4. dxe6 Bxe6 5. g3 Bd6 6. Bg2 Nc6 7. Nc3 Bxc4 8. b3 Bd3 9. Nf3 0-0 10. Bb2 Nb4 11. Rc1 Re8+ 12. Ne5 Rxe5+ 13. Be4 Nxe4 14. f4 Nxc3+ 15. fxe5 Nxd1 16. exd6 Nxa2 17. dxc7 Qc8 18. Rxd1 Qxc7 19. Ra1 Re8+ 20. Kf2 Qc2 0-1